| 000 | 01064nam a22002411a 4500 | ||
|---|---|---|---|
| 999 |
_c17946 _d17946 |
||
| 001 | 17946 | ||
| 003 | OSt | ||
| 005 | 20260204212342.0 | ||
| 008 | 170118s2013||||dr ||||||b||||||||||spa|| | ||
| 090 | _aINF 2013 C17 | ||
| 100 | 1 |
_aDe Jesús Carrasco, Yordani Altagracia _esustentante |
|
| 245 | 1 | _aDiseño de un portal web a la Factoría José Rafael Nuñez / Yordani Altagracia De Jesús Carrasco y Rosalma Ramírez Guzmán ; asesor Alba Lissette Peguero | |
| 260 |
_aCotuí, República Dominicana : _bUTECO, _c2013 |
||
| 300 | _a38 hojas | ||
| 502 | _aTrabajo de grado (Licenciatura en informática)--Universidad Tecnológica del Cibao Oriental, 2013. | ||
| 504 | _aincluye referencia bibliográfica e índice | ||
| 650 | 4 | _aDiseño de un portal web a la Factoría | |
| 700 | 1 |
_aDe Jesús Carrasco, Yordani Altagracia _esustentante |
|
| 700 | 1 |
_aRamírez Guzmán, Rosalma _esustentante |
|
| 700 | 1 |
_aPeguero, Alba Lissette _easesor |
|
| 830 | _aTesis y disertaciones académicas (Universidad Tecnológica del Cibao Oriental) | ||
| 942 |
_2LC _cTH |
||